Fluid mechanics : (Record no. 43847)

MARC details
001 - CONTROL NUMBER
control field 23701437
003 - CONTROL NUMBER IDENTIFIER
control field 0199346
005 - DATE AND TIME OF LATEST TRANSACTION
control field 20251016145535.0
008 - FIXED-LENGTH DATA ELEMENTS--GENERAL INFORMATION
fixed length control field 240521s2025 flu b 001 0 eng
010 ## - LIBRARY OF CONGRESS CONTROL NUMBER
LC control number 2024023325
020 ## - INTERNATIONAL STANDARD BOOK NUMBER
International Standard Book Number 9781032350790
020 ## - INTERNATIONAL STANDARD BOOK NUMBER
International Standard Book Number 9781032350806
020 ## - INTERNATIONAL STANDARD BOOK NUMBER
Cancelled/invalid ISBN 9781003325192
020 ## - INTERNATIONAL STANDARD BOOK NUMBER
Cancelled/invalid ISBN 9781032883182
035 ## - SYSTEM CONTROL NUMBER
System control number 23701437
040 ## - CATALOGING SOURCE
Original cataloging agency DLC
Language of cataloging eng
Description conventions rda
Transcribing agency DLC
Modifying agency DLC
042 ## - AUTHENTICATION CODE
Authentication code pcc
050 00 - LIBRARY OF CONGRESS CALL NUMBER
Classification number TA357
Item number .S8626 2025
082 00 - DEWEY DECIMAL CLASSIFICATION NUMBER
Classification number 620.1/06
Edition number 23/eng/20240718
100 1# - MAIN ENTRY--PERSONAL NAME
Personal name Sultanian, Bijay K.,
Relator term author.
245 10 - TITLE STATEMENT
Title Fluid mechanics :
Remainder of title an intermediate approach /
Statement of responsibility, etc Bijay K. Sultanian.
250 ## - EDITION STATEMENT
Edition statement Second edition.
263 ## - PROJECTED PUBLICATION DATE
Projected publication date 2411
264 #1 - PUBLICATION, DISTRIBUTION, ETC. (IMPRINT)
Place of publication, distribution, etc Boca Raton, FL :
Name of publisher, distributor, etc CRC Press,
Date of publication, distribution, etc 2025.
300 ## - PHYSICAL DESCRIPTION
Extent xix, 370p.:
Other physical details ill.
336 ## - CONTENT TYPE
Content type term text
Content type code txt
Source rdacontent
337 ## - MEDIA TYPE
Media type term unmediated
Media type code n
Source rdamedia
338 ## - CARRIER TYPE
Carrier type term volume
Carrier type code nc
Source rdacarrier
504 ## - BIBLIOGRAPHY, ETC. NOTE
Bibliography, etc Includes bibliographical references and index.
520 ## - SUMMARY, ETC.
Summary, etc "Fluid Mechanics: An Intermediate Approach helps readers develop a physics-based understanding of complex flows and mathematically model them with accurate boundary conditions for numerical predictions. The new edition starts with a chapter reviewing key undergraduate concepts in fluid mechanics and thermodynamics, introducing the generalized conservation equation for differential and integral analyses. It concludes with a self-study chapter on computational fluid dynamics of turbulent flows, including physics-based postprocessing of 3D CFD results and entropy map generation for accurate interpretation and design applications. The book includes numerous worked examples and end-of-chapter problems for student practice. It also discusses how to numerically model compressible flow over all Mach numbers in a variable-area duct, accounting for friction, heat transfer, rotation, internal choking, and normal shock formation. The book is intended for graduate mechanical and aerospace engineering students taking courses in Fluid Mechanics and Gas Dynamics. Instructors will be able to utilize a Solutions Manual for their course"--
Assigning source Provided by publisher.
650 #0 - SUBJECT ADDED ENTRY--TOPICAL TERM
Topical term or geographic name as entry element Fluid mechanics.
776 08 - ADDITIONAL PHYSICAL FORM ENTRY
Relationship information Online version:
Main entry heading Sultanian, Bijay K.
Title Fluid mechanics.
Edition Second edition
Place, publisher, and date of publication Boca Raton, FL : CRC Press, 2025
International Standard Book Number 9781003325192
Record control number (DLC) 2024023326
906 ## - LOCAL DATA ELEMENT F, LDF (RLIN)
a 7
b cbc
c orignew
d 1
e ecip
f 20
g y-gencatlg
942 ## - ADDED ENTRY ELEMENTS (KOHA)
Source of classification or shelving scheme Library of Congress Classification
Koha item type Books
Holdings
Withdrawn status Lost status Source of classification or shelving scheme Damaged status Not for loan Permanent Location Current Location Date acquired Inventory number Total Checkouts Full call number Date last seen Price effective from Koha item type
    Library of Congress Classification     NILE UNIVERSITY OF NIGERIA - MAIN LIBRARY NILE UNIVERSITY OF NIGERIA - MAIN LIBRARY 10/16/2025 0199346   TA 357. S86 2025 10/16/2025 10/16/2025 Books